Catalog

Record Details

Catalog Search



Badlands : Highway Quaratet  Cover Image Large Print Book Large Print Book

Badlands : Highway Quaratet / C.J. Box.

Box, C. J., : (author.).

Summary:

Grimstad, North Dakota – a place people used to be from, but were never headed to – has struck oil. As pipelines snake across the prairie, oil flows out and men and money flow in. And with them, comes crime. North Dakota’s new oil capital has a serious law and order problem and newly qualified detective Cassie Dewell has just been assigned as its deputy sheriff. Twelve-year-old Kyle Westergaard is one of Grimstad's paperboys. Even though Kyle has been written off as the “slow” kid, he has dreams deeper than anyone can imagine – he wants to get out of town, take care of his alcoholic mother, and give them a better life. While delivering newspapers, he witnesses a car accident and now has money and a lot of white powder in his possession. With the temperature dropping to 30 below and a gang war heating up, Cassie fears she might be in over her head but the key to it all will come in the most unlikely form: an undersized boy on a bike who keeps showing up where he doesn’t belong.

Record details

  • ISBN: 9781410477446
  • ISBN: 1410477444
  • Physical Description: 463 pages (large print) ; 23 cm.
  • Edition: Large print edition.
  • Publisher: Waterville, Maine : Wheeler Publishing Large Print, ©2015.
Subject: Policewomen > North Dakota > Fiction.
Drug traffic > North Dakota > Fiction.
City and town life > North Dakota > Fiction.
North Dakota > Fiction.
Genre: Detective and mystery fiction.
Thrillers (Fiction)

Available copies

  • 1 of 1 copy available at scottsboropl.

Holds

  • 0 current holds with 1 total copy.
Show All Copies
Location Call Number / Copy Notes Barcode Shelving Location Status Due Date
scottsboropl F Box 32269001007783 Adult - Fiction Available -

LDR 01521nam a22003978i 4500
001139641
003SBPL
00520220721141539.0
008150608t20152015meu d 000 1 eng
010 . ‡a 2015022517
020 . ‡a9781410477446
020 . ‡a1410477444
035 . ‡a(CONS)139641
035 . ‡a(CPomAG)LMN589796
042 . ‡apcc
043 . ‡an-us-nd
05010. ‡aPS3552.O87658 ‡bB335 2015b
08200. ‡a813/.54 ‡223
1001 . ‡aBox, C. J., : ‡eauthor.
24510. ‡aBadlands : ‡bHighway Quaratet / ‡cC.J. Box.
250 . ‡aLarge print edition.
264 1. ‡aWaterville, Maine : ‡bWheeler Publishing Large Print, ‡c©2015.
300 . ‡a463 pages (large print) ; ‡c23 cm.
336 . ‡atext ‡btxt ‡2rdacontent
337 . ‡aunmediated ‡bn ‡2rdamedia
338 . ‡avolume ‡bnc ‡2rdacarrier
340 . ‡nlarge print ‡2rda
4900 . ‡aHighway Quaratet Bk 3
520 . ‡aGrimstad, North Dakota – a place people used to be from, but were never headed to – has struck oil. As pipelines snake across the prairie, oil flows out and men and money flow in. And with them, comes crime. North Dakota’s new oil capital has a serious law and order problem and newly qualified detective Cassie Dewell has just been assigned as its deputy sheriff. Twelve-year-old Kyle Westergaard is one of Grimstad's paperboys. Even though Kyle has been written off as the “slow” kid, he has dreams deeper than anyone can imagine – he wants to get out of town, take care of his alcoholic mother, and give them a better life. While delivering newspapers, he witnesses a car accident and now has money and a lot of white powder in his possession. With the temperature dropping to 30 below and a gang war heating up, Cassie fears she might be in over her head but the key to it all will come in the most unlikely form: an undersized boy on a bike who keeps showing up where he doesn’t belong.
650 0. ‡aPolicewomen ‡zNorth Dakota ‡vFiction.
650 0. ‡aDrug traffic ‡zNorth Dakota ‡vFiction.
650 0. ‡aCity and town life ‡zNorth Dakota ‡vFiction.
651 1. ‡aNorth Dakota ‡vFiction.
655 7. ‡aDetective and mystery fiction. ‡2lcgft
655 7. ‡aThrillers (Fiction) ‡2lcgft
830 0. ‡aBox, C. J. ‡bHighway Quartet Bk 3
901 . ‡a139641 ‡bUnknown ‡c139641 ‡tbiblio

Additional Resources